[Event "FICGS rapid A 000185 email"]
[Site "FICGS email"]
[Date "2015.10.22"]
[Round "1"]
[White "Riha, Josef"]
[Black "Cirulis, Ilmars"]
[Result "1-0"]
[WhiteElo "1939"]
[BlackElo "1908"]
[PlyCount "119"]
[EventDate "2015.??.??"]
[EventType "tourn (rapid)"]
[EventRounds "6"]
[SourceTitle "Corr 2022"]
[Source "ChessBase"]
[SourceDate "2021.10.24"]
[SourceVersion "1"]
[SourceVersionDate "2021.10.24"]
[SourceQuality "1"]

1. d4 e6 2. c4 d5 3. Nc3 c5 4. cxd5 exd5 5. Nf3 Nc6 6. g3 h6 7. Bg2 Nf6 8. 0-0 Be6 9. Be3 Ng4 10. Bf4 Be7 11. dxc5 Bxc5 12. Na4 Be7 13. Nd4 Nxd4 14. Qxd4 0-0 15. Nc5 b6 16. Nxe6 fxe6 17. Bh3 h5 18. Bxg4 hxg4 19. Be3 Bc5 20. Qxg4 Qd6 21. Rac1 Rf7 22. Bd4 e5 23. Bxc5 bxc5 24. Rfd1 Raf8 25. f3 Rb7 26. b3 Rb4 27. Qg5 a5 28. Qd2 Rd8 29. Qc2 Rc8 30. Qf5 Rf8 31. Qd3 Rd8 32. a4 d4 33. Rc4 Rb6 34. Rdc1 Rc6 35. Qc2 Rdc8 36. Kg2 Qh6 37. Qe4 Qd6 38. h3 Qd7 39. h4 Qd6 40. h5 R6c7 41. Qg4 Kf8 42. Qf5+ Kg8 43. Kf2 Rc6 44. Rh1 Qf6 45. Qe4 Qe7 46. Rcc1 Qg5 47. Rc2 Rh6 48. Qd5+ Kh8 49. Rh4 Qe7 50. Rc1 Rd6 51. Qc4 Rh6 52. Rch1 Qe6 53. Re4 Qxc4 54. bxc4 Rb6 55. h6 g6 56. Rxe5 Rb4 57. Rh4 Rxc4 58. Rg4 Rc1 59. Rxg6 c4 60. Re7 1-0

[Event "FICGS rapid A 000185 email"]
[Site "FICGS email"]
[Date "2015.10.22"]
[Round "1"]
[White "Riha, Josef"]
[Black "Ranalli, Emmanuel Eduardo"]
[Result "1-0"]
[WhiteElo "1939"]
[BlackElo "2000"]
[PlyCount "37"]
[EventDate "2015.??.??"]
[EventType "tourn (rapid)"]
[EventRounds "6"]
[SourceTitle "Corr 2022"]
[Source "ChessBase"]
[SourceDate "2021.10.24"]
[SourceVersion "1"]
[SourceVersionDate "2021.10.24"]
[SourceQuality "1"]

1. e4 d5 2. exd5 Qxd5 3. Nc3 Qd8 4. d4 c6 5. Nf3 Nf6 6. Be2 Bf5 7. Nh4 Bg6 8. 0-0 e6 9. g3 Be7 10. Re1 Nbd7 11. Bf3 0-0 12. Nxg6 hxg6 13. a4 Bb4 14. Re2 Bxc3 15. bxc3 Nd5 16. Qd3 Qa5 17. c4 Qc3 18. Qxc3 Nxc3 19. Re3 1-0

[Event "FICGS rapid A 000185 email"]
[Site "FICGS email"]
[Date "2015.10.22"]
[Round "1"]
[White "Riha, Josef"]
[Black "Sorbi, Luca"]
[Result "1/2-1/2"]
[WhiteElo "1939"]
[BlackElo "1987"]
[PlyCount "118"]
[EventDate "2015.??.??"]
[EventType "tourn (rapid)"]
[EventRounds "6"]
[SourceTitle "Corr 2022"]
[Source "ChessBase"]
[SourceDate "2021.10.24"]
[SourceVersion "1"]
[SourceVersionDate "2021.10.24"]
[SourceQuality "1"]

1. e4 e5 2. Nf3 Nf6 3. Nxe5 d6 4. Nf3 Nxe4 5. d4 d5 6. Bd3 Nc6 7. 0-0 Be7 8. c4 Nb4 9. Be2 0-0 10. Nc3 Bf5 11. a3 Nxc3 12. bxc3 Nc6 13. Re1 Re8 14. cxd5 Qxd5 15. Bf4 Rac8 16. h3 Be4 17. Qa4 Qf5 18. Bg3 Bc2 19. Qb5 Qxb5 20. Bxb5 a6 21. Re2 axb5 22. Rxc2 Na5 23. a4 bxa4 24. Rxa4 b6 25. Re2 Kf8 26. Rb2 Bf6 27. Bf4 h6 28. g4 Re6 29. d5 Ree8 30. Rc2 Be7 31. Be3 Nb3 32. Kg2 Bc5 33. Bf4 Red8 34. Rb2 Na5 35. Rd2 Nb7 36. Ne5 g5 37. Bh2 Bd6 38. Nc6 Re8 39. Ra7 Bxh2 40. Rxb7 Bf4 41. Rd4 Bd6 42. Rd3 Ra8 43. Rf3 Re1 44. Na7 Rb1 45. c4 Re8 46. Nb5 Ree1 47. Re3 Rg1+ 48. Kf3 Bf4 49. Nxc7 Bxe3 50. fxe3 Rgf1+ 51. Ke4 Rbc1 52. Nb5 Rxc4+ 53. Nd4 Ra4 54. Rxb6 Ke7 55. Rxh6 f6 56. Rh8 Kd7 57. Rb8 Kc7 58. Rg8 Kd6 59. Re8 Kd7 1/2-1/2

[Event "FICGS rapid A 000183 email"]
[Site "FICGS email"]
[Date "2015.09.14"]
[Round "1"]
[White "Galus, Stanislaw"]
[Black "Riha, Josef"]
[Result "1/2-1/2"]
[WhiteElo "1919"]
[BlackElo "1939"]
[PlyCount "89"]
[EventDate "2015.??.??"]
[EventType "tourn (rapid)"]
[EventRounds "6"]
[SourceTitle "Corr 2022"]
[Source "ChessBase"]
[SourceDate "2021.10.24"]
[SourceVersion "1"]
[SourceVersionDate "2021.10.24"]
[SourceQuality "1"]

1. d4 d5 2. c4 e6 3. Nc3 Be7 4. cxd5 exd5 5. Bf4 c6 6. e3 Bf5 7. g4 Be6 8. h4 Nd7 9. h5 Nh6 10. Qb3 b5 11. f3 f5 12. Bxh6 gxh6 13. gxf5 Bxf5 14. 0-0-0 Nb6 15. Bd3 Bxd3 16. Rxd3 a5 17. Qc2 a4 18. a3 b4 19. axb4 Nc4 20. f4 Bxb4 21. Nf3 0-0 22. Nxa4 Kh8 23. Ne5 Qe7 24. Rg1 c5 25. Kb1 Nd2+ 26. Rxd2 Bxd2 27. Qxd2 Rxa4 28. dxc5 Qxc5 29. Qc3 Qxc3 30. bxc3 Ra7 31. Kc2 Rg7 32. Ra1 Rg3 33. Kd2 Rh3 34. Ra5 Rxh5 35. Rxd5 Rh2+ 36. Kd3 h5 37. c4 h4 38. Nf3 Rh3 39. Ke4 Re8+ 40. Ne5 Rg3 41. Rd1 h3 42. Rh1 Kg7 43. c5 Kf6 44. c6 h5 45. Rh2 1/2-1/2

[Event "FICGS rapid A 000183 email"]
[Site "FICGS email"]
[Date "2015.09.14"]
[Round "1"]
[White "Riha, Josef"]
[Black "Bartsch, Reinhard Andrea"]
[Result "1/2-1/2"]
[WhiteElo "1939"]
[BlackElo "1984"]
[PlyCount "60"]
[EventDate "2015.??.??"]
[EventType "tourn (rapid)"]
[EventRounds "6"]
[SourceTitle "Corr 2022"]
[Source "ChessBase"]
[SourceDate "2021.10.24"]
[SourceVersion "1"]
[SourceVersionDate "2021.10.24"]
[SourceQuality "1"]

1. e4 c5 2. Nf3 d6 3. d4 cxd4 4. Nxd4 Nf6 5. Nc3 a6 6. Be3 e6 7. f3 b5 8. Qd2 Nbd7 9. g4 b4 10. Nce2 h6 11. 0-0-0 Qc7 12. h4 d5 13. Bg2 dxe4 14. g5 hxg5 15. hxg5 Rxh1 16. Bxh1 Nd5 17. g6 Ne5 18. gxf7+ Qxf7 19. b3 Nxf3 20. Nxf3 exf3 21. Bg5 Ra7 22. Nd4 Nc3 23. Re1 f2 24. Rf1 Be7 25. Bc6+ Bd7 26. Bxe7 Qxe7 27. Qxf2 Qf6 28. Qxf6 gxf6 29. Rxf6 Ke7 30. Rh6 Kd6 1/2-1/2

[Event "FICGS rapid A 000182 email"]
[Site "FICGS email"]
[Date "2015.09.01"]
[Round "1"]
[White "Riha, Josef"]
[Black "Teverovski, Bogoljub"]
[Result "1-0"]
[WhiteElo "1930"]
[BlackElo "2028"]
[PlyCount "161"]
[EventDate "2015.??.??"]
[EventType "tourn (rapid)"]
[EventRounds "6"]
[SourceTitle "Corr 2022"]
[Source "ChessBase"]
[SourceDate "2021.10.24"]
[SourceVersion "1"]
[SourceVersionDate "2021.10.24"]
[SourceQuality "1"]

1. e4 e5 2. Nf3 Nc6 3. Bc4 Nf6 4. d3 h6 5. 0-0 d6 6. c3 g6 7. d4 Qe7 8. Re1 Bg7 9. Nbd2 0-0 10. h3 b6 11. Nh4 Kh7 12. Ndf3 Nb8 13. a4 Nbd7 14. d5 Nc5 15. Qc2 Kg8 16. a5 Bd7 17. Nd2 b5 18. Ba2 Nh7 19. Ndf3 Bf6 20. b4 Na6 21. g3 Kg7 22. Kh2 c6 23. dxc6 Bxc6 24. Ng2 Qb7 25. Qe2 Rh8 26. Nd2 Rac8 27. Bb2 Nc7 28. Rad1 Rhd8 29. f4 exf4 30. Nxf4 Re8 31. Rf1 Re7 32. Qg4 Bd7 33. Qf3 Be5 34. Qe3 Nf6 35. Rf2 Be6 36. Bb1 Bc4 37. Nxc4 bxc4 38. Bc1 Nb5 39. Ne2 Rh8 40. Qf3 Nh7 41. h4 Nf6 42. Kg1 Rhe8 43. g4 h5 44. gxh5 Nxh5 45. Bg5 f6 46. Bd2 Kh8 47. Rg2 Rg7 48. Ba2 Qf7 49. a6 Rc8 50. Kf2 Rh7 51. Rdg1 Rg8 52. Rg4 Bh2 53. R1g2 Be5 54. Kg1 Rgg7 55. Be3 Qg8 56. Qf2 Bxc3 57. Qf1 d5 58. exd5 Qe8 59. Qf3 Be5 60. Rxc4 Rg8 61. Bb3 Nd6 62. Rc6 f5 63. Bc5 Rd7 64. Bc2 Rgg7 65. Bd3 Qd8 66. Bf2 Rde7 67. Kh1 Kg8 68. b5 Qa5 69. b6 axb6 70. Rxb6 Qa4 71. Bb1 Qa5 72. Rb8+ Kf7 73. Bd3 Qa4 74. Rh8 Nf6 75. Bg3 Qg4 76. Qxg4 Nxg4 77. Nf4 Ra7 78. Re2 Kf6 79. Kg2 Rad7 80. h5 Ne4 81. Bxe4 1-0

[Event "FICGS W-ch st1 g08 email"]
[Site "FICGS email"]
[Date "2015.07.02"]
[Round "1"]
[White "Riha, Josef"]
[Black "Ramos, Francisco Miguel R"]
[Result "1-0"]
[WhiteElo "1930"]
[BlackElo "1526"]
[PlyCount "51"]
[EventDate "2015.??.??"]
[EventType "tourn (corr)"]
[EventRounds "8"]
[SourceTitle "Corr 2022"]
[Source "ChessBase"]
[SourceDate "2021.10.24"]
[SourceVersion "1"]
[SourceVersionDate "2021.10.24"]
[SourceQuality "1"]

1. e4 c5 2. Nf3 d6 3. d4 cxd4 4. Nxd4 Nf6 5. Nc3 a6 6. Be3 e6 7. f3 Be7 8. Qd2 0-0 9. g4 Nc6 10. 0-0-0 Qc7 11. g5 Nd7 12. h4 Nce5 13. f4 Nc4 14. Bxc4 b5 15. Bxe6 fxe6 16. Nxe6 Qc4 17. Nxf8 Nxf8 18. Qd5+ Qxd5 19. Nxd5 Bd8 20. f5 Bb7 21. Bf4 Rc8 22. Bxd6 Kf7 23. e5 Rc4 24. e6+ Ke8 25. Rhe1 Bxd5 26. e7 1-0

[Event "FICGS unrated 00004 email"]
[Site "FICGS email"]
[Date "2015.06.22"]
[Round "1"]
[White "Duttagupta, Aniruddha"]
[Black "Riha, Josef"]
[Result "1-0"]
[WhiteElo "2000"]
[BlackElo "1946"]
[PlyCount "49"]
[EventDate "2015.??.??"]
[EventType "swiss (corr)"]
[EventRounds "1"]
[SourceTitle "Corr 2022"]
[Source "ChessBase"]
[SourceDate "2021.10.24"]
[SourceVersion "1"]
[SourceVersionDate "2021.10.24"]
[SourceQuality "1"]

1. e4 Nc6 2. Nf3 d6 3. d4 Nf6 4. d5 Nb8 5. Bd3 c6 6. c4 Bg4 7. Nc3 Nbd7 8. 0-0 Nc5 9. Bc2 Rc8 10. dxc6 Rc7 11. e5 Bxf3 12. Qxf3 dxe5 13. b4 e4 14. Qe2 Nd3 15. Rd1 Rxc6 16. Nxe4 Qd4 17. Nxf6+ Qxf6 18. Qxd3 Rd6 19. Qf1 Qxa1 20. Rxd6 f6 21. Rd1 g6 22. c5 e6 23. Qc4 Kf7 24. Bb3 Qe5 25. Bb2 1-0

[Event "FICGS rapid A 000178 email"]
[Site "FICGS email"]
[Date "2015.06.04"]
[Round "1"]
[White "Bartsch, Reinhard Andrea"]
[Black "Riha, Josef"]
[Result "1/2-1/2"]
[WhiteElo "2018"]
[BlackElo "1946"]
[PlyCount "77"]
[EventDate "2015.??.??"]
[EventType "tourn (rapid)"]
[EventRounds "6"]
[SourceTitle "Corr 2022"]
[Source "ChessBase"]
[SourceDate "2021.10.24"]
[SourceVersion "1"]
[SourceVersionDate "2021.10.24"]
[SourceQuality "1"]

1. d4 Nf6 2. c4 g6 3. Nf3 Bg7 4. Nc3 d5 5. e3 0-0 6. cxd5 Nxd5 7. Bc4 Nxc3 8. bxc3 c5 9. Qe2 Nc6 10. 0-0 Qc7 11. Ba3 b6 12. Rac1 Rd8 13. Rfd1 e6 14. dxc5 bxc5 15. Rxd8+ Nxd8 16. Nd2 Nb7 17. Nb3 Na5 18. Bb5 Bb7 19. c4 Nxb3 20. axb3 Rd8 21. Rd1 Rxd1+ 22. Qxd1 Qe5 23. Bc1 Qe4 24. f3 Qb1 25. Qd8+ Bf8 26. Qd1 Be7 27. Ba4 e5 28. h3 e4 29. f4 Bf6 30. Qf1 Qd3 31. Qf2 Ba6 32. Ba3 Bxc4 33. Bxc5 Bxb3 34. Bxb3 Qxb3 35. Qd2 Qb8 36. Qd5 a5 37. Qxe4 h5 38. Qc6 Kg7 39. Qa6 1/2-1/2

[Event "FICGS unrated 00004 email"]
[Site "FICGS email"]
[Date "2015.04.30"]
[Round "1"]
[White "Vollmer, Steve"]
[Black "Riha, Josef"]
[Result "1-0"]
[WhiteElo "1488"]
[BlackElo "1993"]
[PlyCount "77"]
[EventDate "2015.??.??"]
[EventType "swiss (corr)"]
[EventRounds "1"]
[SourceTitle "Corr 2022"]
[Source "ChessBase"]
[SourceDate "2021.10.24"]
[SourceVersion "1"]
[SourceVersionDate "2021.10.24"]
[SourceQuality "1"]

1. Nf3 d5 2. d4 Nf6 3. g3 e6 4. Bg2 Bb4+ 5. Bd2 Be7 6. 0-0 0-0 7. Nc3 Ne4 8. e3 Nxd2 9. Qxd2 Nc6 10. Ne2 b5 11. c3 Bb7 12. b4 a5 13. a3 g5 14. Qd3 Qd6 15. g4 Ba6 16. e4 dxe4 17. Qxe4 a4 18. Nxg5 Bxg5 19. Qxc6 Qxc6 20. Bxc6 Rad8 21. f4 Be7 22. Rad1 Rd6 23. Bf3 Bc8 24. Ng3 Rfd8 25. Ne4 Rb6 26. g5 Bb7 27. Nf6+ Bxf6 28. gxf6 Bd5 29. Kf2 Kh8 30. Rg1 Bxf3 31. Kxf3 Rc6 32. Rd3 Rg8 33. Rxg8+ Kxg8 34. Ke4 Rc4 35. Rg3+ Kf8 36. Kd3 Rc6 37. Rg7 h5 38. Rh7 Ke8 39. h4 1-0

[Event "FICGS unrated 00004 email"]
[Site "FICGS email"]
[Date "2015.04.14"]
[Round "1"]
[White "Cirulis, Ilmars"]
[Black "Riha, Josef"]
[Result "1-0"]
[WhiteElo "1675"]
[BlackElo "1993"]
[PlyCount "39"]
[EventDate "2015.??.??"]
[EventType "swiss (corr)"]
[EventRounds "1"]
[SourceTitle "Corr 2022"]
[Source "ChessBase"]
[SourceDate "2021.10.24"]
[SourceVersion "1"]
[SourceVersionDate "2021.10.24"]
[SourceQuality "1"]

1. b4 e5 2. a3 Nf6 3. Bb2 Bd6 4. e3 a5 5. b5 0-0 6. c4 Re8 7. d3 c6 8. g4 h6 9. h4 cxb5 10. g5 Nh7 11. gxh6 bxc4 12. hxg7 cxd3 13. Qh5 Qf6 14. Bxd3 Qxg7 15. Nf3 Nf6 16. Qf5 Kf8 17. Rg1 Qh8 18. Nxe5 Be7 19. Nxf7 Kxf7 20. Nc3 1-0

[Event "FICGS unrated 00004 email"]
[Site "FICGS email"]
[Date "2015.04.14"]
[Round "1"]
[White "Reboredo, Daniel"]
[Black "Riha, Josef"]
[Result "1-0"]
[WhiteElo "1938"]
[BlackElo "1993"]
[PlyCount "47"]
[EventDate "2015.??.??"]
[EventType "swiss (corr)"]
[EventRounds "1"]
[SourceTitle "Corr 2022"]
[Source "ChessBase"]
[SourceDate "2021.10.24"]
[SourceVersion "1"]
[SourceVersionDate "2021.10.24"]
[SourceQuality "1"]

1. c3 e5 2. c4 Nf6 3. Nc3 Bc5 4. e3 0-0 5. d4 exd4 6. exd4 Qe7+ 7. Be3 Bb6 8. Nf3 Ng4 9. Qd2 Nxe3 10. fxe3 Ba5 11. Bd3 Bxc3 12. bxc3 b6 13. 0-0 Bb7 14. e4 Bxe4 15. Rfe1 f5 16. Ng5 Nc6 17. Nxe4 fxe4 18. Rxe4 Qf7 19. Rf1 Qh5 20. Ref4 Rfe8 21. Qf2 h6 22. Rh4 Qg5 23. Qf7+ Kh8 24. Rh3 1-0

[Event "FICGS rapid A 000176 email"]
[Site "FICGS email"]
[Date "2015.04.12"]
[Round "1"]
[White "Riha, Josef"]
[Black "Munoz Portugal, Guillermo"]
[Result "0-1"]
[WhiteElo "1993"]
[BlackElo "1925"]
[PlyCount "78"]
[EventDate "2015.??.??"]
[EventType "tourn (rapid)"]
[EventRounds "6"]
[SourceTitle "Corr 2022"]
[Source "ChessBase"]
[SourceDate "2021.10.24"]
[SourceVersion "1"]
[SourceVersionDate "2021.10.24"]
[SourceQuality "1"]

1. e4 c5 2. Nf3 d6 3. d4 cxd4 4. Nxd4 Nc6 5. Nc3 Nf6 6. Bg5 e6 7. Qd2 Be7 8. 0-0-0 0-0 9. Nb3 b6 10. Bxf6 Bxf6 11. Qxd6 Bb7 12. Qxd8 Raxd8 13. Be2 Nd4 14. Nxd4 Bxd4 15. f3 h5 16. g3 Be5 17. Nb5 a6 18. Na3 h4 19. Nc4 Bc7 20. gxh4 b5 21. Nd2 Bf4 22. c3 b4 23. Kc2 bxc3 24. bxc3 Bc6 25. Nb3 Ra8 26. Rd4 Be3 27. Rb4 a5 28. Rd4 a4 29. Kd3 Bf2 30. Nd2 Bxd4 31. cxd4 Bb5+ 32. Ke3 Bxe2 33. Kxe2 Rac8 34. Kd3 Rc7 35. Nc4 Rd8 36. e5 Rdc8 37. Rc1 Kh7 38. f4 Kh6 39. f5 Kh5 0-1

[Event "FICGS unrated 00003 email"]
[Site "FICGS email"]
[Date "2015.03.05"]
[Round "1"]
[White "Hilbert, Stephan"]
[Black "Riha, Josef"]
[Result "0-1"]
[WhiteElo "1599"]
[BlackElo "1993"]
[PlyCount "54"]
[EventDate "2015.??.??"]
[EventType "swiss (corr)"]
[EventRounds "1"]
[SourceTitle "Corr 2022"]
[Source "ChessBase"]
[SourceDate "2021.10.24"]
[SourceVersion "1"]
[SourceVersionDate "2021.10.24"]
[SourceQuality "1"]

1. e4 d6 2. d4 Nf6 3. Bd3 e5 4. Nf3 exd4 5. Nxd4 Nbd7 6. 0-0 Be7 7. Nc3 0-0 8. Nf5 Nc5 9. Nxe7+ Qxe7 10. Bg5 Qe5 11. Bxf6 Qxf6 12. Nd5 Qd8 13. Qh5 c6 14. e5 Nxd3 15. Nf6+ gxf6 16. cxd3 fxe5 17. f4 f6 18. f5 Qb6+ 19. Kh1 Qxb2 20. Rae1 Qxa2 21. Re3 Kh8 22. Rg3 a5 23. Rh3 Qf7 24. Qh4 a4 25. g4 a3 26. Rg1 a2 27. g5 fxg5 0-1

[Event "FICGS unrated 00003 email"]
[Site "FICGS email"]
[Date "2015.03.05"]
[Round "1"]
[White "Riha, Josef"]
[Black "Goldmund, Heike"]
[Result "1-0"]
[WhiteElo "1993"]
[BlackElo "1179"]
[PlyCount "27"]
[EventDate "2015.??.??"]
[EventType "swiss (corr)"]
[EventRounds "1"]
[SourceTitle "Corr 2022"]
[Source "ChessBase"]
[SourceDate "2021.10.24"]
[SourceVersion "1"]
[SourceVersionDate "2021.10.24"]
[SourceQuality "1"]

1. e4 d5 2. exd5 Qxd5 3. Nc3 Qa5 4. Nf3 Nf6 5. d4 Bf5 6. Bc4 e6 7. 0-0 c6 8. Re1 Bd6 9. d5 cxd5 10. Nxd5 Nbd7 11. Nxf6+ Nxf6 12. Qxd6 Ne4 13. Rxe4 Bxe4 14. Bg5 1-0

[Event "FICGS unrated 00003 email"]
[Site "FICGS email"]
[Date "2015.03.05"]
[Round "1"]
[White "Vollmer, Steve"]
[Black "Riha, Josef"]
[Result "0-1"]
[WhiteElo "1488"]
[BlackElo "1993"]
[PlyCount "52"]
[EventDate "2015.??.??"]
[EventType "swiss (corr)"]
[EventRounds "1"]
[SourceTitle "Corr 2022"]
[Source "ChessBase"]
[SourceDate "2021.10.24"]
[SourceVersion "1"]
[SourceVersionDate "2021.10.24"]
[SourceQuality "1"]

1. d4 d5 2. c4 e6 3. Nc3 Be7 4. Nf3 Nf6 5. Bg5 h6 6. Bxf6 Bxf6 7. e3 c6 8. Bd3 dxc4 9. Bxc4 c5 10. 0-0 cxd4 11. exd4 0-0 12. Rc1 Nc6 13. Ne2 Qb6 14. Qb3 Qxb3 15. Bxb3 Bd7 16. Rfd1 Rfd8 17. Nc3 Be8 18. d5 Na5 19. dxe6 Nxb3 20. axb3 Rxd1+ 21. Rxd1 fxe6 22. Rd6 Kf7 23. Rd3 b5 24. Nd2 Ke7 25. Nde4 b4 26. Nxf6 bxc3 0-1

[Event "FICGS theme 0001 email"]
[Site "FICGS email"]
[Date "2015.01.18"]
[Round "1"]
[White "Ellis, Maurice"]
[Black "Riha, Josef"]
[Result "1/2-1/2"]
[WhiteElo "1868"]
[BlackElo "2013"]
[PlyCount "71"]
[EventDate "2015.??.??"]
[EventType "swiss (corr)"]
[EventRounds "1"]
[SourceTitle "Corr 2022"]
[Source "ChessBase"]
[SourceDate "2021.10.24"]
[SourceVersion "1"]
[SourceVersionDate "2021.10.24"]
[SourceQuality "1"]

1. Nf3 d5 2. b3 c5 3. e4 dxe4 4. Ng5 Bf5 5. Nc3 Nf6 6. Bb5+ Nc6 7. Qe2 h6 8. Ngxe4 Nxe4 9. Nxe4 Qd4 10. Nc3 Bxc2 11. Bb2 Bg6 12. 0-0 e6 13. Rac1 Rd8 14. Rfd1 Bd3 15. Bxc6+ bxc6 16. Qf3 Qd6 17. Qe3 c4 18. Ne2 Bxe2 19. Qxe2 cxb3 20. axb3 Qd5 21. Rc4 Bd6 22. Rg4 Rg8 23. Rc4 a5 24. Bc3 Rb8 25. Ra1 Rb5 26. Rca4 Bc7 27. g3 Ke7 28. Rd4 Qxb3 29. Rc4 Bb6 30. Rxc6 Qd5 31. Rc4 Rc5 32. Rxc5 Qxc5 33. Qf3 f5 34. Qb7+ Qc7 35. Qxc7+ Bxc7 36. Bxa5 1/2-1/2

[Event "FICGS theme 0001 email"]
[Site "FICGS email"]
[Date "2015.01.18"]
[Round "1"]
[White "Riha, Josef"]
[Black "Benone, Mateia"]
[Result "1-0"]
[WhiteElo "2013"]
[BlackElo "1041"]
[PlyCount "53"]
[EventDate "2015.??.??"]
[EventType "swiss (corr)"]
[EventRounds "1"]
[SourceTitle "Corr 2022"]
[Source "ChessBase"]
[SourceDate "2021.10.24"]
[SourceVersion "1"]
[SourceVersionDate "2021.10.24"]
[SourceQuality "1"]

1. Nf3 d5 2. b3 c5 3. e4 dxe4 4. Ng5 Qd4 5. Nc3 Nf6 6. Bc4 e6 7. Qe2 h6 8. Ngxe4 Nxe4 9. Qxe4 Qxe4+ 10. Nxe4 Nc6 11. a4 Be7 12. f3 0-0 13. d3 Nd4 14. Ra2 a6 15. a5 f5 16. Nc3 Kh8 17. Na4 e5 18. Ba3 e4 19. fxe4 fxe4 20. c3 Ne6 21. Nb6 Rb8 22. Nxc8 Rbxc8 23. Bxe6 Rcd8 24. dxe4 Rd3 25. Rf1 Rxf1+ 26. Kxf1 Rxc3 27. Bd5 1-0

[Event "FICGS rapid A 000171 email"]
[Site "FICGS email"]
[Date "2015.01.13"]
[Round "1"]
[White "Salonen, Jukka"]
[Black "Riha, Josef"]
[Result "1/2-1/2"]
[WhiteElo "1910"]
[BlackElo "2013"]
[PlyCount "51"]
[EventDate "2015.??.??"]
[EventType "tourn (rapid)"]
[EventRounds "6"]
[SourceTitle "Corr 2022"]
[Source "ChessBase"]
[SourceDate "2021.10.24"]
[SourceVersion "1"]
[SourceVersionDate "2021.10.24"]
[SourceQuality "1"]

1. d4 Nf6 2. c4 e6 3. Nc3 Bb4 4. e3 0-0 5. Bd3 c5 6. Nf3 d5 7. 0-0 dxc4 8. Bxc4 Nbd7 9. Qe2 b6 10. d5 Bxc3 11. dxe6 Ne5 12. exf7+ Kh8 13. bxc3 Bg4 14. e4 Qe7 15. Re1 b5 16. Bxb5 Nh5 17. Bg5 Qe6 18. Qe3 Bxf3 19. gxf3 Qxf7 20. Be2 h6 21. f4 Nxf4 22. Bxf4 Qxf4 23. Rf1 Rab8 24. Rab1 Qxe3 25. fxe3 Rxf1+ 26. Rxf1 1/2-1/2

[Event "FICGS unrated 00003 email"]
[Site "FICGS email"]
[Date "2014.12.30"]
[Round "1"]
[White "Reboredo, Daniel"]
[Black "Riha, Josef"]
[Result "1-0"]
[WhiteElo "1941"]
[BlackElo "2006"]
[PlyCount "87"]
[EventDate "2014.??.??"]
[EventType "swiss (corr)"]
[EventRounds "1"]
[SourceTitle "Corr 2022"]
[Source "ChessBase"]
[SourceDate "2021.10.24"]
[SourceVersion "1"]
[SourceVersionDate "2021.10.24"]
[SourceQuality "1"]

1. c3 e5 2. d4 exd4 3. cxd4 Bb4+ 4. Bd2 Be7 5. Nc3 Nf6 6. Nf3 d5 7. e3 c5 8. dxc5 Bxc5 9. Qb3 Nc6 10. Rc1 d4 11. exd4 Nxd4 12. Nxd4 Bxd4 13. Qa4+ Kf8 14. Be2 Bxf2+ 15. Kxf2 Qxd2 16. Rhd1 Qxb2 17. Rd8+ Ke7 18. Rxh8 Qxc1 19. Qb4+ Ke6 20. Bg4+ Nxg4+ 21. Qxg4+ Kf6 22. Qh4+ g5 23. Qd4+ Kg6 24. Rg8+ Kh5 25. Ne2 Qc2 26. Qe5 h6 27. h3 Bxh3 28. g4+ Kxg4 29. Qg3+ Kf5 30. Qxh3+ Ke5 31. Qe3+ Kf6 32. Rxa8 Qf5+ 33. Qf3 a6 34. Qxf5+ Kxf5 35. Ra7 h5 36. Rxb7 f6 37. Ra7 h4 38. Rxa6 Ke5 39. Kg2 g4 40. Rb6 Kf5 41. Rb4 Kg5 42. a4 f5 43. a5 Kg6 44. a6 1-0

[Event "FICGS unrated 00003 email"]
[Site "FICGS email"]
[Date "2014.12.30"]
[Round "1"]
[White "Riha, Josef"]
[Black "Nezumi, Mashi"]
[Result "1-0"]
[WhiteElo "2006"]
[BlackElo "1800"]
[PlyCount "51"]
[EventDate "2014.??.??"]
[EventType "swiss (corr)"]
[EventRounds "1"]
[SourceTitle "Corr 2022"]
[Source "ChessBase"]
[SourceDate "2021.10.24"]
[SourceVersion "1"]
[SourceVersionDate "2021.10.24"]
[SourceQuality "1"]

1. d4 d6 2. e4 h6 3. Nf3 g5 4. Bb5+ c6 5. Be2 g4 6. Nfd2 Bg7 7. Nb3 f5 8. exf5 Bxf5 9. Bxg4 Bxg4 10. Qxg4 Bf6 11. Nc3 Qd7 12. Qg6+ Kd8 13. 0-0 Na6 14. Ne4 Kc7 15. Bd2 e5 16. Nxf6 Nxf6 17. Qxf6 Raf8 18. Qg6 Rfg8 19. Qf6 Qg4 20. g3 h5 21. dxe5 h4 22. exd6+ Kb6 23. Ba5+ Kb5 24. a4+ Kc4 25. Qf7+ Qe6 26. Qxe6# 1-0

[Event "FICGS theme 0001 email"]
[Site "FICGS email"]
[Date "2014.12.19"]
[Round "1"]
[White "Sternik, Ryszard"]
[Black "Riha, Josef"]
[Result "0-1"]
[WhiteElo "1772"]
[BlackElo "2006"]
[PlyCount "32"]
[EventDate "2014.??.??"]
[EventType "swiss (corr)"]
[EventRounds "1"]
[SourceTitle "Corr 2022"]
[Source "ChessBase"]
[SourceDate "2021.10.24"]
[SourceVersion "1"]
[SourceVersionDate "2021.10.24"]
[SourceQuality "1"]

1. e4 c5 2. f4 d5 3. Nf3 dxe4 4. Ne5 Nd7 5. Bb5 Ngf6 6. Qe2 a6 7. Bxd7+ Nxd7 8. Qxe4 g6 9. Nc3 Bg7 10. d3 Nxe5 11. fxe5 Bf5 12. Qxb7 0-0 13. Nd5 Rb8 14. Nxe7+ Kh8 15. Qa7 Bxd3 16. cxd3 Qxd3 0-1

[Event "FICGS theme 0001 email"]
[Site "FICGS email"]
[Date "2014.11.29"]
[Round "1"]
[White "Riha, Josef"]
[Black "Ropokis, Dimitrios"]
[Result "1-0"]
[WhiteElo "2006"]
[BlackElo "1761"]
[PlyCount "61"]
[EventDate "2014.??.??"]
[EventType "swiss (corr)"]
[EventRounds "1"]
[SourceTitle "Corr 2022"]
[Source "ChessBase"]
[SourceDate "2021.10.24"]
[SourceVersion "1"]
[SourceVersionDate "2021.10.24"]
[SourceQuality "1"]

1. d4 Nf6 2. c4 e5 3. dxe5 Ne4 4. Nd2 d5 5. cxd5 Qxd5 6. Qa4+ Nc6 7. Qxe4 Qxe5 8. Qxe5+ Nxe5 9. Ngf3 Ng6 10. b3 Bb4 11. Bb2 0-0 12. e3 Bg4 13. 0-0-0 a5 14. Ne4 a4 15. bxa4 Be6 16. a3 Be7 17. Nc3 c6 18. Be2 Bc8 19. Rd2 b5 20. axb5 cxb5 21. Nxb5 Bf5 22. Bd3 Bxd3 23. Rxd3 Rfc8+ 24. Kd2 Rab8 25. a4 Ra8 26. Ra1 Rc4 27. Rd4 Rc6 28. Bc3 Bf6 29. Rd5 Ne7 30. Rd7 Bxc3+ 31. Nxc3 1-0

[Event "FICGS theme 0001 email"]
[Site "FICGS email"]
[Date "2014.11.29"]
[Round "1"]
[White "Schuett, Wilhelm"]
[Black "Riha, Josef"]
[Result "0-1"]
[WhiteElo "1800"]
[BlackElo "2006"]
[PlyCount "28"]
[EventDate "2014.??.??"]
[EventType "swiss (corr)"]
[EventRounds "1"]
[SourceTitle "Corr 2022"]
[Source "ChessBase"]
[SourceDate "2021.10.24"]
[SourceVersion "1"]
[SourceVersionDate "2021.10.24"]
[SourceQuality "1"]

1. d4 Nf6 2. c4 e5 3. dxe5 Ng4 4. b3 Nxe5 5. Bb2 Nbc6 6. Qd2 Bc5 7. Nh3 d6 8. Nf4 0-0 9. g3 Ng4 10. e3 Re8 11. Nd5 Nce5 12. Bg2 c6 13. Ndc3 Nxf2 14. Kxf2 Bxe3+ 0-1